000 01444nam a22003017a 4500
003 OSt
005 20210311102025.0
008 210311s2015 ck ao||gr|||| 00| 0 spa d
020 _a9789589550427
_q(obra completa)
020 _a9789589916971
040 _aCO-JMCR
_cCO-JMCR
041 0 _aspa
082 0 4 _a578 /
_bR621c
_223
100 1 _aRivera Ospina, David,
_eautor
_935923
245 1 0 _aColombia :
_bnaturaleza y riesgo /
_ctextos, David Rivera Ospina ; fotografía, Angélica Montes Arango, Diego Miguel Garcés Guerrero, Alfonso Quevedo Gil [y otros 12]
260 _aCali :
_bBanco de Occidente,
_cimpresión 2015
300 _a207 páginas :
_bilustraciones y fotografías a color ;
_c33 cm.
500 _aIncluye glosario.
504 _aBibliografía: páginas 205-207
505 0 _aLa extinción, una amenaza global -- Extinción en los ecosistemas terrestres de Colombia -- Extinción en los ecosistemas de agua dulce de Colombia -- Extinción en los ecosistemas marinos y costeros de Colombia -- Causas de la extinción en Colombia
650 1 4 _aExtinción (Biología)
_xfotografías
_zColombia
_935924
650 2 4 _aFotografías
_zColombia
_935925
651 4 _aColombia
_vfotografías
_xaspectos ambientales
_935926
700 1 _aMontes Arango, Angélica,
_efotógrafa
_935927
700 1 _aGarcés Guerrero, Diego Miguel,
_efotógrafo
_935928
700 1 _aQuevedo Gil, Alfonso,
_efotógrafo
_935929
942 _2ddc
_cBK
999 _c15333
_d15333